000 00441nam a2200181Ia 4500
001 16662
005 20260306170326.0
008 260306t2014||||xx |||||||||||||| ||und||
041 _aESP
082 _a349.1
_bD59 T. 1
100 _aGuzmán García de León, Cynthia Berenice
_eAUT
245 0 _aDerecho romano I
260 _c2014
300 _a206 páginas :
_c25 cm.
650 _aGEN
654 _aCDE
942 _cLIB
_dJUS
_fJUS
_2ddc
_n
999 _c16662
_d16662